• 首页
  • 本馆介绍
  • 公告通知
  • 最新文献
  • 馆藏检索
  • 电子资源
  • 读者导购
  • 参考咨询
  • 我的图书馆
  • 登录
  • 详细信息显示
  • 放入我的书架
  • 预约/预借图书
  • 作者相关作品
  • 分类相关作品
  • 丛书相关作品
  • 出版社相关作品

书目信息

  • 表格格式
  • 工作单格式
  • 卡片格式
题名:
中国青年发展演变研究
    
 
作者: 杨雄 著
分册:  
出版信息: 上海   上海文化出版社  2008
页数: 276页
开本: 23cm
丛书名:
单 册:
中图分类: D432.7
科图分类:
主题词: 青年工作--研究--中国 , 青年工作
电子资源:
ISBN: 978-7-80740-286-2
000 00777nam0 2200229 450
001 1248253433
005 20121005132504.18
010    @a978-7-80740-286-2@dCNY48.00
100    @a20080801d2008 em y0chiy50 ea
101 0  @achi
102    @aCN@b310000
105    @ay z 000yy
200 1  @a中国青年发展演变研究@Azhong guo qing nian fa zhan yan bian yan jiu@f杨雄著
210    @a上海@c上海文化出版社@d2008
215    @a276页@d23cm
330    @a本书包括青年价值与青年一代成长、青年发展与青年社会问题等两篇。具体有《中国“第三代”与“第四代”比较》、《关注改革开放后出生的一代》等文。
606 0  @a青年工作@x研究@y中国
606 0  @a青年工作
690    @aD432.7@v4
701  0 @a杨雄@Ayang xiong@f(1957.11~)@4著
801  0 @aCN@bNLC@c20101222
905    @a10447@dD432.7@eJY74
    
    中国青年发展演变研究/杨雄著.-上海:上海文化出版社,2008
    276页;23cm
    
    
    ISBN 978-7-80740-286-2:CNY48.00
    本书包括青年价值与青年一代成长、青年发展与青年社会问题等两篇。具体有《中国“第三代”与“第四代”比较》、《关注改革开放后出生的一代》等文。
●
相关链接 在E读中查询图书 在五车中查询图书 在当当中查询图书 在豆瓣中查询图书


正题名:中国青年发展演变研究     索取号:D432.7/JY74         预约/预借

序号 登录号 条形码 馆藏地/架位号 状态 备注
1 7811756   278117565   学院路分馆/ [索取号:D432.7/JY74] 在馆    
2 7811757   278117574   学院路分馆/ [索取号:D432.7/JY74] 在馆    
唐山师范学院图书馆 欢迎您!
大连网信软件有限公司© 版权所有